000 00520nam a2200193Ia 4500
008 120822t2006 xxu||||| |||| 00| 0 sin d
041 _asin
080 _a8-31(eng)
_bBRO
100 _aBronte,Charlotte
245 _aජේන් අයර්
246 _aJane Eyre
260 _aGunasena
_aColombo
_c2006
300 _b272p, 18 cm
500 _aSinhalese Translation Of Charlotte Bronte's of Jane Eyre
700 _aPerera,R.N.H
_etr.
942 _cBK
999 _c41230
_d41230
003 LK-CoDNM
040 _aLK-CoDNM
_dLK-CoDNM
_eLK-CoDNM